| 000 | 00546cam a22002051 4500 | ||
|---|---|---|---|
| 001 | af 47001949 | ||
| 003 | DLC | ||
| 005 | 20260227110811.0 | ||
| 008 | 780302s1943 xx 000 0 ger c | ||
| 010 | _aaf 47001949 | ||
| 035 | _a(OCoLC)3684865 | ||
| 040 |
_aAllegheny college. Library _cOT _dDLC |
||
| 042 | _apremarc | ||
| 050 | 0 | 0 |
_aPT2621.A56 _bB5 |
| 082 | _a833.91 | ||
| 100 | 1 |
_aKapeller, Ludwig, _d1892- |
|
| 245 | 1 | 4 |
_aDer blaue zettel, _bkriminalroman. |
| 260 |
_aHamburg, _bHammerich & Lesser _c[1943] |
||
| 300 |
_a238, [1] p. _c19 cm. |
||
| 999 |
_c1474 _d1474 |
||